2014 NBA Playoff teams - Statistics

General Stats
  • This quiz has been taken 684 times
  • The average score is 13 of 16
Answer Stats
Hint Answer % Correct
East 2nd Seed Miami Heat
99%
West 1st Seed San Antonio Spurs
96%
West 6th Seed Golden State Warriors
93%
West 2nd Seed Oklahoma City Thunder
88%
West 3rd Seed Los Angeles Clippers
85%
East 3rd Seed Chicago Bulls
83%
West 4th Seed Houston Rockets
82%
East 1st Seed Indiana Pacers
82%
East 8th Seed Atlanta Hawks
81%
East 5th Seed Brooklyn Nets
81%
West 8th Seed Dallas Mavericks
80%
East 4th Seed Toronto Raptors
76%
East 6th Seed Washington Wizards
73%
West 7th Seed Memphis Grizzlies
71%
West 5th Seed Portland Trail Blazers
60%
East 7th Seed Charlotte Bobcats
31%
No matching quizzes found
Score Distribution
Percent of People with Each Score
Percentile by Number Answered
Your Score History
You have not taken this quiz